Foreign body / (Record no. 174440)

000 -LEADER
fixed length control field 01598cam a2200349 a 4500
001 - CONTROL NUMBER
control field 15299676
003 - CONTROL NUMBER IDENTIFIER
control field Nust
005 - DATE AND TIME OF LATEST TRANSACTION
control field 20220829121131.0
008 - FIXED-LENGTH DATA ELEMENTS--GENERAL INFORMATION
fixed length control field 080521s2008 nyu 000 1 eng
010 ## - LIBRARY OF CONGRESS CONTROL NUMBER
LC control number 2008022334
020 ## - INTERNATIONAL STANDARD BOOK NUMBER
International Standard Book Number 9780330445535
Terms of availability Rs. 476
035 ## - SYSTEM CONTROL NUMBER
System control number (OCoLC)178210230
035 ## - SYSTEM CONTROL NUMBER
System control number (OCoLC)ocn178210230
038 ## - RECORD CONTENT LICENSOR
Staff Name Arshad
040 ## - CATALOGING SOURCE
Original cataloging agency DLC
Transcribing agency DLC
Modifying agency DLC
050 00 - LIBRARY OF CONGRESS CALL NUMBER
Classification number PS3553.O5545
Item number F67 2008b
082 00 - DEWEY DECIMAL CLASSIFICATION NUMBER
Classification number 823
Author Mark COO
100 1# - MAIN ENTRY--PERSONAL NAME
Personal name Cook, Robin,
Dates associated with a name 1940-
9 (RLIN) 11492
245 10 - TITLE STATEMENT
Title Foreign body /
Statement of responsibility, etc. Robin Cook.
260 ## - PUBLICATION, DISTRIBUTION, ETC.
Place of publication, distribution, etc. New York :
Name of publisher, distributor, etc. G.P. Putnam's Sons,
Date of publication, distribution, etc. 2008.
300 ## - PHYSICAL DESCRIPTION
Extent viii, 467 p. ;
Dimensions 24 cm.
520 ## - SUMMARY, ETC.
Summary, etc. A series of unexplained deaths in foreign hospitals sends Jennifer Hernandez, an idealistic UCLA medical student, on a desperate search for answers about her grandmother's sudden death. With the discovery of other unexplained deaths followed by hasty cremations, Jennifer reaches out to her mentor, New York City medical examiner Dr. Laurie Montgomery, who has her own deep connection to Jennifer's grandmother.
650 #0 - SUBJECT ADDED ENTRY--TOPICAL TERM
Topical term or geographic name entry element Women medical students
Form subdivision Fiction.
9 (RLIN) 11493
650 #0 - SUBJECT ADDED ENTRY--TOPICAL TERM
Topical term or geographic name entry element Grandmothers
General subdivision Death
Form subdivision Fiction.
9 (RLIN) 11494
650 #0 - SUBJECT ADDED ENTRY--TOPICAL TERM
Topical term or geographic name entry element Hospitals
Geographic subdivision India
Form subdivision Fiction.
9 (RLIN) 11495
655 #7 - INDEX TERM--GENRE/FORM
Genre/form data or focus term Medical novels.
Source of term gsafd
9 (RLIN) 11124
856 42 - ELECTRONIC LOCATION AND ACCESS
Materials specified Publisher description
Uniform Resource Identifier <a href="http://www.loc.gov/catdir/enhancements/fy0904/2008022334-d.html">http://www.loc.gov/catdir/enhancements/fy0904/2008022334-d.html</a>
856 42 - ELECTRONIC LOCATION AND ACCESS
Materials specified Contributor biographical information
Uniform Resource Identifier <a href="http://www.loc.gov/catdir/enhancements/fy1305/2008022334-b.html">http://www.loc.gov/catdir/enhancements/fy1305/2008022334-b.html</a>
906 ## - LOCAL DATA ELEMENT F, LDF (RLIN)
a 7
b cbc
c orignew
d 1
e ecip
f 20
g y-gencatlg
942 ## - ADDED ENTRY ELEMENTS (KOHA)
Source of classification or shelving scheme
Koha item type Book
Holdings
Withdrawn status Lost status Source of classification or shelving scheme Damaged status Not for loan Permanent Location Current Location Shelving location Date acquired Full call number Barcode Date last seen Copy number Price effective from Koha item type
          Central Library (CL) Central Library (CL) Fiction 01/26/2017 823 COO CL237 01/26/2017 1 01/26/2017 Book
© 2023 Central Library, National University of Sciences and Technology. All Rights Reserved.